| 000 | 00843cam a2200205 i 4500 | ||
|---|---|---|---|
| 005 | 20251127120350.0 | ||
| 008 | 250721s2006 ts gr 000 0 ara d | ||
| 082 | 1 | 4 |
_a211.91334 _bإ ب ر |
| 100 | 1 |
_aإبراهيم، منى حاتم _eمؤلف. |
|
| 245 | 1 | 2 |
_aالدليل الكافي في العلاج الشافي من القرآن والسنة / _cمنى حاتم إبراهيم ؛ قدم له فضيلة الشيخ سمير عبده مطر، فضيلة الشيخ نذير محمد مكتبي. |
| 250 | _aالطبعة الأولى. | ||
| 264 | 3 | 1 |
_aأبو ظبي : _bمكتبة الصفاء، _c2006. |
| 300 | _a243 صفحة. | ||
| 650 | 1 | 7 | _aالسحر. |
| 650 | 1 | 7 | _aدراسه الشياطين. |
| 650 | 1 | 7 | _aالقرآن الكريم. |
| 650 | 1 | 7 | _aالعلاج. |
| 942 |
_2ddc _cBK |
||
| 999 |
_c115484 _d115484 |
||